| 000 | 00891cab a2200277 4500 | ||
|---|---|---|---|
| 001 | ABS58675 | ||
| 008 | 090401t1998 xxu||||| |||| 00| 0 eng d | ||
| 035 | _a(Sirsi) u86381 | ||
| 041 | _aeng | ||
| 100 | _aKlein, R. | ||
| 245 | _aDon`t get left on the shelf | ||
| 260 | _c1998 | ||
| 350 | _a0 | ||
| 490 |
_aConstruction News _v(6564) 7 May 1998, 19(1) |
||
| 520 | _aOutlines the case in "Rackline Ltd v National Library of Wales", which concerned the failure to secure official arrangement for a supposed nominated subcontract. | ||
| 650 | _aBREAK CLAUSE | ||
| 650 |
_aCONSTRUCTION MANAGEMENT _96230 |
||
| 650 | _aGC WORKS 1 | ||
| 650 | _aNOMINATED SUBCONTRACTORS | ||
| 650 | _aPROCUREMENT PROCEDURES | ||
| 650 | _aRACKLINE LTD V THE NATIONAL LIBRARY OF WALES | ||
| 650 | _aSHELVING | ||
| 690 | _aBUILDING AND CONSTRUCTION-CASE LAW | ||
| 942 | _n0 | ||
| 948 | _c26/05/1998 | ||
| 999 |
_c54367 _d54367 |
||